Famous Rock musicians quiz - Statistics

General Stats
  • This quiz has been taken 102 times
    50 since last reset
  • The average score is 26 of 44
Answer Stats
Picture Answer % Correct
Elvis Presley
98%
Kurt Cobain
98%
Prince
98%
Jimi Hendrix
95%
Freddy Mercury
90%
Ozzy Osbourne
90%
David Bowie
88%
John Lennon
88%
Axl Rose
80%
Slash
80%
Bob Dylan
78%
Dave Grohl
75%
Paul McCartney
75%
Sting
75%
Ringo Starr
70%
Steven Tyler
70%
Jim Morrison
68%
Chuck Berry
65%
George Harrison
65%
Alice Cooper
63%
Brian May
63%
Mick Jagger
60%
Bruce Springsteen
58%
James Hetfield
58%
Eric Clapton
55%
Angus Young
53%
Eddie Van Halen
53%
Billie Joe Armstrong
50%
Carlos Santana
50%
Flea
50%
Lemmy
48%
Chester Bennington
45%
Thom Yorke
45%
Chris Cornell
40%
Dave Mustaine
35%
Jimmy Page
35%
Malcolm Young
35%
Serj Tankian
30%
Stevie Ray Vaughan
28%
Tom Morello
28%
Dimebag Darrell
25%
Billy Corgan
23%
John Frusciante
20%
George Thorogood
3%
No matching quizzes found
Score Distribution
Percent of People with Each Score
Percentile by Number Answered
Your Score History
You have not taken this quiz since the last reset